Archbishop Manasses Kuria : (Record no. 41)

MARC details
000 -LEADER
fixed length control field 01009cam a2200301 a 4500
001 - CONTROL NUMBER
control field 12690931
003 - CONTROL NUMBER IDENTIFIER
control field OSt
005 - DATE AND TIME OF LATEST TRANSACTION
control field 20230602095800.0
008 - FIXED-LENGTH DATA ELEMENTS--GENERAL INFORMATION
fixed length control field 011019s2001 ke a b 001 0beng
010 ## - LIBRARY OF CONGRESS CONTROL NUMBER
LC control number 2001311966
020 ## - INTERNATIONAL STANDARD BOOK NUMBER
International Standard Book Number 9966971017
035 ## - SYSTEM CONTROL NUMBER
System control number (DLC) 2001311966
040 ## - CATALOGING SOURCE
Original cataloging agency DLC
Transcribing agency DLC
Modifying agency DLC
042 ## - AUTHENTICATION CODE
Authentication code lcode
043 ## - GEOGRAPHIC AREA CODE
Geographic area code f-ke---
082 00 - DEWEY DECIMAL CLASSIFICATION NUMBER
Classification number 283.092
-- B
Edition number 21
Item number MUS
100 1# - MAIN ENTRY--PERSONAL NAME
Personal name Musalia, Martha Wangari.
245 10 - TITLE STATEMENT
Title Archbishop Manasses Kuria :
Remainder of title a biography : strong in the storms /
Statement of responsibility, etc. Martha Wangari Musalia.
260 ## - PUBLICATION, DISTRIBUTION, ETC. (IMPRINT)
Place of publication, distribution, etc. Nairobi, Kenya :
Name of publisher, distributor, etc. Cana Pub.,
Date of publication, distribution, etc. 2001.
300 ## - PHYSICAL DESCRIPTION
Extent 120 p. :
Other physical details ill. ;
Dimensions 21 cm.
504 ## - BIBLIOGRAPHY, ETC. NOTE
Bibliography, etc Includes bibliographical references (p. [114]-115) and index.
600 10 - SUBJECT ADDED ENTRY--PERSONAL NAME
Personal name Kuria, Manasses,
Dates associated with a name 1929-
610 20 - SUBJECT ADDED ENTRY--CORPORATE NAME
Corporate name or jurisdiction name as entry element Church of the Province of Kenya
General subdivision Bishops
Form subdivision Biography.
650 #0 - SUBJECT ADDED ENTRY--TOPICAL TERM
Topical term or geographic name as entry element Anglican Communion
Geographic subdivision Kenya
General subdivision Bishops
Form subdivision Biography.
906 ## - LOCAL DATA ELEMENT F, LDF (RLIN)
a 7
b cbc
c origode
d 2
e ncip
f 20
g y-gencatlg
942 ## - ADDED ENTRY ELEMENTS (KOHA)
Source of classification or shelving scheme Dewey Decimal Classification
Koha item type Books
Holdings
Withdrawn status Lost status Source of classification or shelving scheme Damaged status Not for loan Home library Current library Date acquired Total Checkouts Full call number Barcode Date last seen Price effective from Koha item type
    Dewey Decimal Classification     Bunge Tower Library Bunge Tower Library 06/02/2023   283.092 MUS 10009323 06/02/2023 06/02/2023 Books
    Dewey Decimal Classification     Bunge Tower Library Bunge Tower Library 06/02/2023   283.092 MUS 10012786 06/02/2023 06/02/2023 Books
    Dewey Decimal Classification     Bunge Tower Library Bunge Tower Library 06/02/2023   283.092 MUS 10012780 06/02/2023 06/02/2023 Books
LIBRARY OPENING HOURS

When the Parliament is sitting: 8.00a.m - 7.00p.m or until the house adjourns
Mondays and Fridays and when the House is on Recess:  8.00a.m - 5.00p.m
Closed on Weekends and Public Holidays

Online Public Access Catalog (OPAC)
Website: http://www.parliament.go.ke
Bunge Library: https://libraryir.parliament.go.ke
Contact: library@parliament.go.ke | Tel no: (254-2)2221291 or 2848000 Ext 5043